[Event "DEM U12w 2017"]
[Site "Willingen GER"]
[Date "2017.06.08"]
[Round "8"]
[White "Peglau, Mirjam"]
[Black "Butenandt, Svenja"]
[Result "0-1"]
[Termination "normal"]
[Board "4"]
[WhiteElo "1579"]
[BlackElo "1473"]
[WhiteClock "00:14:45"]
[BlackClock "00:02:02"]
[PlyCount "110"]
[WhiteFideId "16211138"]
[BlackFideId "12993859"]
[EventCountry "GER"]
[EventRounds "11"]
[EventType "swiss"]
[EventDate "2017.06.03"]

1. e4 {[%clk 1:15:58]} 1... c5 {[%clk 1:15:56]} 2. Nf3 {[%clk 1:16:22]} 2... d6
{[%clk 1:16:22]} 3. d4 {[%clk 1:16:48]} 3... cxd4 {[%clk 1:16:48]} 4. Nxd4 {
[%clk 1:17:12]} 4... Nf6 {[%clk 1:17:15]} 5. Nc3 {[%clk 1:17:36]} 5... e6 {
[%clk 1:17:38]} 6. Bd3 {[%clk 1:17:38]} 6... a6 {[%clk 1:17:51]} 7. O-O { [%clk
1:17:54]} 7... Be7 {[%clk 1:17:27]} 8. Qe2 {[%clk 1:18:07]} 8... O-O { [%clk
1:16:33]} 9. Bd2 {[%clk 1:18:22]} 9... b5 {[%clk 1:16:17]} 10. a3 { [%clk
1:18:45]} 10... Bb7 {[%clk 1:16:35]} 11. Kh1 {[%clk 1:19:05]} 11... Qc7 { [%clk
1:16:38]} 12. f4 {[%clk 1:19:13]} 12... Nbd7 {[%clk 1:16:39]} 13. Rae1 { [%clk
1:18:29]} 13... Nc5 {[%clk 1:12:24]} 14. Rf3 {[%clk 1:15:16]} 14... Rac8 {[%clk
1:09:23]} 15. Rh3 {[%clk 1:14:43]} 15... Nxd3 {[%clk 1:07:10]} 16. cxd3 {[%clk
1:14:26]} 16... Rfe8 {[%clk 0:58:57]} 17. e5 {[%clk 1:12:00]} 17... Nd7 {[%clk
0:51:00]} 18. Qh5 {[%clk 1:06:44]} 18... Nf8 {[%clk 0:51:02]} 19. Nf3 { [%clk
1:02:51]} 19... Bxf3 {[%clk 0:44:21]} 20. gxf3 {[%clk 1:01:15]} 20... dxe5
{[%clk 0:41:27]} 21. fxe5 {[%clk 0:59:21]} 21... f6 {[%clk 0:36:48]} 22. exf6
{[%clk 0:55:44]} 22... Bxf6 {[%clk 0:37:09]} 23. Ne4 {[%clk 0:54:48]} 23... Qe5
{[%clk 0:31:53]} 24. Nxf6+ {[%clk 0:50:25]} 24... Qxf6 { [%clk 0:32:13]} 25.
Bc3 {[%clk 0:45:41]} 25... Qf5 {[%clk 0:30:07]} 26. Rg1 { [%clk 0:35:46]} 26...
g6 {[%clk 0:22:19]} 27. Qh6 {[%clk 0:28:07]} 27... Rc7 { [%clk 0:20:08]} 28.
Qh4 {[%clk 0:22:07]} 28... Rd7 {[%clk 0:15:18]} 29. d4 { [%clk 0:21:07]} 29...
Qd5 {[%clk 0:11:20]} 30. Qe4 {[%clk 0:19:42]} 30... Qxe4 {[%clk 0:10:10]} 31.
fxe4 {[%clk 0:20:11]} 31... Rf7 {[%clk 0:09:10]} 32. Kg2 { [%clk 0:19:58]}
32... Nd7 {[%clk 0:08:42]} 33. Rf3 {[%clk 0:19:58]} 33... Nb6 { [%clk 0:08:04]}
34. Rgf1 {[%clk 0:19:32]} 34... Ree7 {[%clk 0:02:12]} 35. Kg3 { [%clk 0:18:48]}
35... Nc4 {[%clk 0:02:01]} 36. Rxf7 {[%clk 0:18:38]} 36... Rxf7 {[%clk
0:02:26]} 37. Rxf7 {[%clk 0:19:01]} 37... Kxf7 {[%clk 0:02:54]} 38. Kf4 {[%clk
0:18:22]} 38... h6 {[%clk 0:02:20]} 39. h4 {[%clk 0:18:32]} 39... Ke7 { [%clk
0:01:53]} 40. e5 {[%clk 0:17:52]} 40... Kd7 {[%clk 0:01:45]} 41. Ke4 { [%clk
0:17:48]} 41... Kc6 {[%clk 0:01:30]} 42. Kd3 {[%clk 0:17:08]} 42... Kd5 { [%clk
0:01:04]} 43. Kc2 {[%clk 0:15:59]} 43... Ne3+ {[%clk 0:00:36]} 44. Kd3 { [%clk
0:15:14]} 44... Nf5 {[%clk 0:00:48]} 45. b3 {[%clk 0:15:10]} 45... Nxh4 { [%clk
0:01:06]} 46. Bd2 {[%clk 0:14:16]} 46... Nf5 {[%clk 0:01:01]} 47. Bc3 { [%clk
0:14:25]} 47... h5 {[%clk 0:01:16]} 48. b4 {[%clk 0:14:04]} 48... g5 { [%clk
0:01:21]} 49. Ke2 {[%clk 0:14:21]} 49... Nxd4+ {[%clk 0:01:28]} 50. Kf2 { [%clk
0:14:27]} 50... g4 {[%clk 0:01:25]} 51. Kg2 {[%clk 0:14:44]} 51... h4 { [%clk
0:01:31]} 52. Bb2 {[%clk 0:14:17]} 52... h3+ {[%clk 0:01:25]} 53. Kh1 { [%clk
0:14:19]} 53... g3 {[%clk 0:01:40]} 54. Bc3 {[%clk 0:14:36]} 54... g2+ { [%clk
0:01:48]} 55. Kh2 {[%clk 0:14:45]} 55... Nf3+ {[%clk 0:02:02]} 0-1

[Event "DEM U12w 2017"]
[Site "Willingen GER"]
[Date "2017.06.08"]
[Round "8"]
[White "Bashylina, Luisa"]
[Black "Liu, Sijia Anna"]
[Result "1/2-1/2"]
[Termination "normal"]
[Board "5"]
[WhiteElo "1525"]
[BlackElo "1529"]
[WhiteClock "00:29:02"]
[BlackClock "00:17:29"]
[PlyCount "58"]
[WhiteFideId "12983292"]
[BlackFideId "12989746"]
[EventCountry "GER"]
[EventRounds "11"]
[EventType "swiss"]
[EventDate "2017.06.03"]

1. e4 {[%clk 1:15:57]} 1... c5 {[%clk 1:15:53]} 2. Nf3 e6 3. d4 {[%clk 1:15:56]
} 3... cxd4 {[%clk 1:16:19]} 4. Nxd4 {[%clk 1:16:13]} 4... Nf6 {[%clk 1:16:25]}
5. Bd3 {[%clk 1:14:22]} 5... Nc6 {[%clk 1:13:29]} 6. Nxc6 {[%clk 1:13:34]} 6...
bxc6 {[%clk 1:13:42]} 7. O-O {[%clk 1:11:33]} 7... d5 {[%clk 1:06:50]} 8. Nd2 {
[%clk 1:05:37]} 8... e5 {[%clk 0:59:25]} 9. Re1 {[%clk 0:59:31]} 9... Bd6 {
[%clk 0:56:38]} 10. c3 {[%clk 0:54:45]} 10... O-O {[%clk 0:52:55]} 11. Nf3 {
[%clk 0:53:29]} 11... Re8 {[%clk 0:49:52]} 12. Bg5 {[%clk 0:50:40]} 12... Qb6 {
[%clk 0:43:57]} 13. Qc2 {[%clk 0:48:39]} 13... Nxe4 {[%clk 0:36:34]} 14. Bxe4 {
[%clk 0:48:24]} 14... dxe4 {[%clk 0:36:57]} 15. Qxe4 {[%clk 0:47:16]} 15... Be6
{[%clk 0:34:22]} 16. Qc2 {[%clk 0:45:02]} 16... Rab8 {[%clk 0:32:08]} 17. b3 {
[%clk 0:42:24]} 17... f6 {[%clk 0:28:12]} 18. Be3 {[%clk 0:40:45]} 18... Bc5 {
[%clk 0:28:09]} 19. Bxc5 {[%clk 0:37:37]} 19... Qxc5 {[%clk 0:28:08]} 20. Rad1
{[%clk 0:35:49]} 20... Red8 {[%clk 0:27:57]} 21. Rd2 {[%clk 0:33:37]} 21... Rd7
{[%clk 0:24:26]} 22. Red1 {[%clk 0:32:52]} 22... Rbd8 {[%clk 0:24:07]} 23. h3 {
[%clk 0:31:35]} 23... Rxd2 {[%clk 0:22:37]} 24. Rxd2 {[%clk 0:31:46]} 24...
Rxd2 {[%clk 0:22:49]} 25. Qxd2 {[%clk 0:31:36]} 25... Qd5 {[%clk 0:22:25]} 26.
Qe3 {[%clk 0:28:56]} 26... Qa5 {[%clk 0:20:21]} 27. Qd2 {[%clk 0:28:21]} 27...
Qd5 {[%clk 0:20:01]} 28. Qe3 {[%clk 0:28:44]} 28... Qa5 {[%clk 0:17:04]} 29.
Qd2 {[%clk 0:29:02]} 29... Qd5 {[%clk 0:17:29]} 1/2-1/2

[Event "DEM U12w 2017"]
[Site "Willingen GER"]
[Date "2017.06.08"]
[Round "8"]
[White "Stowicek, Yara Mathilda"]
[Black "Bayer, Melissa"]
[Result "1/2-1/2"]
[Termination "normal"]
[Board "6"]
[WhiteElo "1455"]
[BlackElo "1583"]
[WhiteClock "00:20:45"]
[BlackClock "00:13:42"]
[PlyCount "100"]
[WhiteFideId "16203569"]
[BlackFideId "16206916"]
[EventCountry "GER"]
[EventRounds "11"]
[EventType "swiss"]
[EventDate "2017.06.03"]

1. e4 {[%clk 1:15:58]} 1... e5 {[%clk 1:15:50]} 2. Nf3 {[%clk 1:16:23]} 2...
Nc6 {[%clk 1:16:11]} 3. Bc4 {[%clk 1:16:44]} 3... Bc5 {[%clk 1:16:32]} 4. c3 {
[%clk 1:16:56]} 4... Nf6 {[%clk 1:16:12]} 5. d4 {[%clk 1:16:39]} 5... exd4 {
[%clk 1:16:29]} 6. cxd4 {[%clk 1:16:56]} 6... Bb4+ {[%clk 1:16:44]} 7. Bd2 {
[%clk 1:16:56]} 7... Bxd2+ {[%clk 1:16:32]} 8. Nbxd2 {[%clk 1:17:09]} 8... d5 {
[%clk 1:16:26]} 9. exd5 {[%clk 1:16:51]} 9... Nxd5 {[%clk 1:16:04]} 10. Qb3 {
[%clk 1:14:29]} 10... Na5 {[%clk 1:13:15]} 11. Qa4+ {[%clk 1:13:59]} 11... c6 {
[%clk 1:13:35]} 12. Bxd5 {[%clk 1:13:52]} 12... Qxd5 {[%clk 1:13:18]} 13. O-O {
[%clk 1:13:21]} 13... O-O {[%clk 1:12:09]} 14. Rac1 {[%clk 1:13:01]} 14... b6 {
[%clk 1:11:02]} 15. b4 {[%clk 1:07:22]} 15... Nb7 {[%clk 1:10:54]} 16. Qxc6 {
[%clk 1:06:37]} 16... Qxc6 {[%clk 1:06:51]} 17. Rxc6 {[%clk 1:06:40]} 17... Be6
{[%clk 1:06:49]} 18. a3 {[%clk 1:05:33]} 18... Bd5 {[%clk 1:04:09]} 19. Rc7 {
[%clk 1:02:58]} 19... Nd6 {[%clk 1:03:50]} 20. a4 {[%clk 0:59:50]} 20... Rfc8 {
[%clk 0:57:16]} 21. Rfc1 {[%clk 0:57:11]} 21... Kf8 {[%clk 0:54:35]} 22. Rxc8+
{[%clk 0:53:51]} 22... Rxc8 {[%clk 0:54:43]} 23. Rxc8+ {[%clk 0:54:16]} 23...
Nxc8 {[%clk 0:54:55]} 24. Kf1 {[%clk 0:54:07]} 24... f6 {[%clk 0:54:41]} 25.
Ke2 {[%clk 0:53:56]} 25... Ke7 {[%clk 0:53:58]} 26. Ke3 {[%clk 0:52:43]} 26...
Nd6 {[%clk 0:52:35]} 27. g3 {[%clk 0:49:50]} 27... Ke6 {[%clk 0:49:55]} 28. Ne1
{[%clk 0:46:13]} 28... Nc4+ {[%clk 0:44:01]} 29. Nxc4 {[%clk 0:45:10]} 29...
Bxc4 {[%clk 0:44:14]} 30. Nd3 {[%clk 0:44:36]} 30... Kd5 {[%clk 0:38:14]} 31.
Nf4+ {[%clk 0:44:06]} 31... Kd6 {[%clk 0:38:31]} 32. Ke4 {[%clk 0:43:21]} 32...
a5 {[%clk 0:38:42]} 33. bxa5 {[%clk 0:43:04]} 33... bxa5 {[%clk 0:38:49]} 34.
Nd3 {[%clk 0:42:37]} 34... f5+ {[%clk 0:38:29]} 35. Ke3 {[%clk 0:42:48]} 35...
g5 {[%clk 0:32:55]} 36. Nc5 {[%clk 0:41:14]} 36... Kd5 {[%clk 0:31:23]} 37. Nb7
{[%clk 0:40:45]} 37... Bb3 {[%clk 0:31:28]} 38. Nxa5 {[%clk 0:41:06]} 38...
Bxa4 {[%clk 0:31:36]} 39. Nb7 {[%clk 0:41:21]} 39... Be8 {[%clk 0:29:27]} 40.
Nc5 {[%clk 0:39:16]} 40... h6 {[%clk 0:27:31]} 41. Nd3 {[%clk 0:37:11]} 41...
Bg6 {[%clk 0:25:57]} 42. Ne5 {[%clk 0:36:51]} 42... Be8 {[%clk 0:25:58]} 43. h3
{[%clk 0:35:35]} 43... h5 {[%clk 0:21:31]} 44. f4 {[%clk 0:29:28]} 44... g4 {
[%clk 0:13:26]} 45. hxg4 {[%clk 0:29:28]} 45... hxg4 {[%clk 0:13:39]} 46. Nxg4
{[%clk 0:21:53]} 46... fxg4 {[%clk 0:13:41]} 47. f5 {[%clk 0:21:38]} 47... Bd7
{[%clk 0:12:47]} 48. Kf4 {[%clk 0:21:32]} 48... Kxd4 {[%clk 0:13:07]} 49. Kxg4
{[%clk 0:20:36]} 49... Ke5 {[%clk 0:13:25]} 50. Kg5 {[%clk 0:20:45]} 50... Bxf5
{[%clk 0:13:42]} 1/2-1/2

[Event "DEM U12w 2017"]
[Site "Willingen GER"]
[Date "2017.06.08"]
[Round "8"]
[White "Adelhardt, Lisa"]
[Black "Nguyen, Phuong Thao Vivien"]
[Result "0-1"]
[Termination "normal"]
[Board "7"]
[WhiteElo "1324"]
[BlackElo "1540"]
[PlyCount "94"]
[WhiteFideId "16235380"]
[BlackFideId "16210735"]
[EventCountry "GER"]
[EventRounds "11"]
[EventType "swiss"]
[EventDate "2017.06.03"]

1. e4 c5 2. Nc3 Nc6 3. f4 g6 4. Nf3 Bg7 5. g3 e6 6. Bg2 Nge7 7. O-O O-O 8. d3
d6 9. Bd2 Rb8 10. Rb1 b5 11. g4 f5 12. gxf5 exf5 13. Bh3 fxe4 14. Bxc8 Qxc8 15.
Nxe4 Qd7 16. Qe1 Nf5 17. c3 a5 18. Kh1 Qa7 19. Nh4 d5 20. Ng5 Rbe8 21. Qf2 d4
22. Nxf5 Rxf5 23. Rbe1 Qd7 24. Qh4 h6 25. Rxe8+ Qxe8 26. Ne4 Qd7 27. Qg4 Ne7
28. Nxc5 Qc6+ 29. Ne4 dxc3 30. Bxc3 Bxc3 31. bxc3 Nd5 32. Rg1 Kf7 33. c4 bxc4
34. dxc4 Nxf4 35. Qf3 Qe6 36. c5 Kg7 37. Rb1 Nd5 38. Rb7+ Ne7 39. Qc3+ Kh7 40.
Qc2 Re5 41. c6 Rxe4 42. c7 Re1+ 43. Kg2 Re2+ 44. Qxe2 Qxe2+ 45. Kg3 Nf5+ 46.
Kf4 Qe3+ 47. Kg4 h5# 0-1

[Event "DEM U12w 2017"]
[Site "Willingen GER"]
[Date "2017.06.08"]
[Round "8"]
[White "Kalina, Lena"]
[Black "Evering, Enna"]
[Result "1-0"]
[Termination "normal"]
[Board "8"]
[WhiteElo "1454"]
[BlackElo "1419"]
[PlyCount "63"]
[WhiteFideId "12988014"]
[BlackFideId "16218213"]
[EventCountry "GER"]
[EventRounds "11"]
[EventType "swiss"]
[EventDate "2017.06.03"]

1. d4 Nf6 2. Nf3 d5 3. c4 e6 4. cxd5 exd5 5. Bf4 Bb4+ 6. Nc3 O-O 7. h3 Re8 8.
e3 c5 9. dxc5 Nbd7 10. Qc2 Nxc5 11. Be2 b6 12. O-O Ne6 13. Be5 Bb7 14. Rac1 Rc8
15. Qb3 Be7 16. Rfd1 h6 17. Nd4 Nc5 18. Qc2 Qd7 19. Bb5 Qd8 20. Bxe8 Qxe8 21.
Qf5 Rd8 22. Ndb5 Bc8 23. Qf3 Nce4 24. Bxf6 Bxf6 25. Nc7 Qe5 26. N7xd5 Re8 27.
Nxe4 Bb7 28. Nexf6+ gxf6 29. Nxf6+ Kh8 30. Qxb7 Qxf6 31. Qxa7 Qxb2 32. Qxf7 1-0

[Event "DEM U12w 2017"]
[Site "Willingen GER"]
[Date "2017.06.08"]
[Round "8"]
[White "Hentschel, Lena"]
[Black "Heutling, Elina"]
[Result "0-1"]
[Termination "normal"]
[Board "9"]
[WhiteElo "1305"]
[BlackElo "1461"]
[PlyCount "158"]
[WhiteFideId "16240324"]
[BlackFideId "16244729"]
[EventCountry "GER"]
[EventRounds "11"]
[EventType "swiss"]
[EventDate "2017.06.03"]

1. e4 c5 2. Nf3 Nc6 3. d4 cxd4 4. Nxd4 e6 5. Nc3 Nf6 6. Bc4 Bb4 7. f3 d5 8.
exd5 exd5 9. Bb5 Bd7 10. O-O O-O 11. Nxc6 bxc6 12. Bd3 Qe7 13. Kh1 Rfe8 14. Ne2
Rab8 15. c3 Bd6 16. Qc2 h6 17. Re1 c5 18. Bd2 Bc6 19. Nd4 Qc7 20. Nxc6 Qxc6 21.
Rxe8+ Rxe8 22. c4 d4 23. Re1 Rxe1+ 24. Bxe1 Qc7 25. g3 Qc6 26. Qg2 g5 27. h4 g4
28. fxg4 Qxg2+ 29. Kxg2 Nxg4 30. Bd2 Kg7 31. Be2 Ne5 32. Bf4 f6 33. b3 Nf7 34.
Bxd6 Nxd6 35. Bd3 f5 36. Kf3 h5 37. Kf4 Kf6 38. Bc2 a6 39. a3 a5 40. Bd3 Ke6
41. Kg5 Ke5 42. Kxh5 f4 43. Kg4 fxg3 44. Kxg3 Nf5+ 45. Kg4 Nxh4 46. Kxh4 Kf4
47. Bg6 Ke3 48. Kg4 d3 49. Kf5 d2 50. Bh5 Kd4 51. Ke6 a4 52. bxa4 Kxc4 53. Be2+
Kd4 54. a5 c4 55. a6 c3 56. a7 c2 57. a8=Q c1=Q 58. Qd5+ Kc3 59. Qc4+ Kb2 60.
Qb4+ Ka2 61. Bc4+ Ka1 62. Qb3 Qe1+ 63. Kd6 d1=Q+ 64. Qxd1+ Qxd1+ 65. Kc5 Qa4
66. Bb5 Qxa3+ 67. Kc4 Kb2 68. Bc6 Qe3 69. Kd5 Qf4 70. Kc5 Kc3 71. Kd5 Kb4 72.
Ke6 Qg5 73. Kd6 Qc5+ 74. Kd7 Qe5 75. Bb7 Kc5 76. Kd8 Qg7 77. Bh1 Kd6 78. Bc6
Qe7+ 79. Kc8 Qc7# 0-1

[Event "DEM U12w 2017"]
[Site "Willingen GER"]
[Date "2017.06.08"]
[Round "8"]
[White "Karlinger De la Quintana, Ainhoa"]
[Black "Werner, Rosalie"]
[Result "0-1"]
[Termination "normal"]
[Board "10"]
[WhiteElo "1344"]
[BlackElo "1397"]
[PlyCount "40"]
[WhiteFideId "16217268"]
[BlackFideId "16223748"]
[EventCountry "GER"]
[EventRounds "11"]
[EventType "swiss"]
[EventDate "2017.06.03"]

1. b4 e5 2. Bb2 Bxb4 3. Bxe5 Nf6 4. c4 O-O 5. Nf3 Re8 6. e3 Nc6 7. Bb2 d5 8.
Nc3 d4 9. Nb5 Bg4 10. Be2 d3 11. Bf1 a6 12. Nc3 Bxf3 13. Qxf3 Nd4 14. Qxb7 Nc2+
15. Kd1 Nxa1 16. Bxa1 Bxc3 17. dxc3 Rb8 18. Qxa6 Rb1+ 19. Kd2 Rxa1 20. c5 Ne4#
0-1

[Event "DEM U12w 2017"]
[Site "Willingen GER"]
[Date "2017.06.08"]
[Round "8"]
[White "Zöllner, Bente"]
[Black "Derling, Charlotte"]
[Result "1-0"]
[Termination "normal"]
[Board "11"]
[WhiteElo "1397"]
[BlackElo "1073"]
[PlyCount "61"]
[WhiteFideId "16230523"]
[BlackFideId "16222237"]
[EventCountry "GER"]
[EventRounds "11"]
[EventType "swiss"]
[EventDate "2017.06.03"]

1. d4 d6 2. c4 g6 3. Nc3 Bg7 4. Bf4 Nf6 5. Nf3 O-O 6. e4 c6 7. Be2 Bg4 8. O-O
Re8 9. e5 dxe5 10. Bxe5 Nbd7 11. Bf4 Qb6 12. Qd2 Bf5 13. Ne5 Qd8 14. Nxd7 Nxd7
15. Rad1 Nb6 16. Qe3 Qd7 17. Bh6 Bh8 18. Bf4 Bg7 19. Be5 Qe6 20. Bxg7 Kxg7 21.
b3 Rad8 22. Rd2 Rd7 23. Bd3 Red8 24. Bxf5 Qxf5 25. Rfd1 e6 26. Ne2 Nc8 27. Ng3
Qg4 28. h3 Qh4 29. Ne4 Ne7 30. Nc5 Rc7 31. Qe5+ 1-0

[Event "DEM U12w 2017"]
[Site "Willingen GER"]
[Date "2017.06.08"]
[Round "8"]
[White "Zixin, Li"]
[Black "Breß, Amy Charlize"]
[Result "0-1"]
[Termination "normal"]
[Board "12"]
[WhiteElo "1094"]
[BlackElo "1655"]
[PlyCount "94"]
[WhiteFideId "16244770"]
[BlackFideId "16233786"]
[EventCountry "GER"]
[EventRounds "11"]
[EventType "swiss"]
[EventDate "2017.06.03"]

1. e4 c5 2. Nc3 a6 3. g3 b5 4. Bg2 Bb7 5. d3 e6 6. f4 b4 7. Nce2 d5 8. Nh3 dxe4
9. O-O exd3 10. Bxb7 dxe2 11. Qxd8+ Kxd8 12. Bxa8 exf1=Q+ 13. Kxf1 h6 14. Be3
Nf6 15. Rd1+ Kc7 16. Kg2 Be7 17. Nf2 Nc6 18. Bxc6 Kxc6 19. Kf3 Rd8 20. Rxd8
Bxd8 21. Ne4 Nxe4 22. Kxe4 Kd6 23. b3 f5+ 24. Kd3 Kd5 25. h4 Bf6 26. h5 e5 27.
fxe5 Bxe5 28. Bf4 Ke6 29. Bxe5 Kxe5 30. Kc4 Kd6 31. Kd3 Kd5 32. Ke3 Ke5 33. Kf3
a5 34. Ke3 Kf6 35. Kf4 g5+ 36. hxg6 Kxg6 37. g4 fxg4 38. Kxg4 h5+ 39. Kh4 Kh6
40. Kg3 Kg5 41. Kh3 h4 42. Kg2 Kg4 43. Kh2 h3 44. Kh1 Kg3 45. Kg1 h2+ 46. Kh1
Kh3 47. c4 bxc3 0-1

[Event "DEM U12w 2017"]
[Site "Willingen GER"]
[Date "2017.06.08"]
[Round "8"]
[White "Doll, Rebecca"]
[Black "Becker, Linda"]
[Result "1-0"]
[Termination "normal"]
[Board "13"]
[WhiteElo "1473"]
[BlackElo "1142"]
[PlyCount "45"]
[WhiteFideId "16236890"]
[BlackFideId "16244753"]
[EventCountry "GER"]
[EventRounds "11"]
[EventType "swiss"]
[EventDate "2017.06.03"]

1. e4 e6 2. d4 d5 3. Nd2 Be7 4. c3 Nf6 5. e5 Nfd7 6. Ngf3 c5 7. Bd3 Nc6 8. Bc2
cxd4 9. cxd4 Qc7 10. Nb3 Nb4 11. Bb1 b6 12. a3 Na6 13. Ng5 h6 14. Qh5 g6 15.
Bxg6 Bxg5 16. Bxf7+ Kf8 17. Bxg5 Ndb8 18. Rc1 Qd7 19. Bf6 Rh7 20. Bg6 Bb7 21.
g4 Re7 22. Qxh6+ Kg8 23. Qh8# 1-0

[Event "DEM U12w 2017"]
[Site "Willingen GER"]
[Date "2017.06.08"]
[Round "8"]
[White "Wiemann, Vanessa"]
[Black "Schneider, Anna"]
[Result "1-0"]
[Termination "normal"]
[Board "14"]
[WhiteElo "1305"]
[BlackElo "1412"]
[PlyCount "99"]
[WhiteFideId "12942987"]
[BlackFideId "16200527"]
[EventCountry "GER"]
[EventRounds "11"]
[EventType "swiss"]
[EventDate "2017.06.03"]

1. e4 e5 2. Nf3 Nc6 3. Bc4 Nf6 4. Ng5 d5 5. exd5 Nd4 6. c3 b5 7. Bf1 Nxd5 8.
Nxf7 Kxf7 9. cxd4 Qf6 10. Qh5+ g6 11. Qxe5 Qxe5+ 12. dxe5 c6 13. Nc3 Be6 14.
Be2 Bg7 15. d4 Rad8 16. Bg5 Rd7 17. O-O Nb4 18. Be3 Nc2 19. Rad1 Rf8 20. Bf3
Rc8 21. Rd2 Nb4 22. a3 Nd5 23. Ne4 Bf8 24. Ng5+ Ke7 25. Nxe6 Kxe6 26. Bg4+ Ke7
27. Bxd7 Kxd7 28. Rfd1 Ke6 29. Rc2 Be7 30. Rdc1 Kd7 31. Bd2 a6 32. g3 g5 33. f4
gxf4 34. Bxf4 Rg8 35. Bd2 Bg5 36. Bxg5 Rxg5 37. Rxc6 Nf4 38. Rd6+ Ke7 39. Rc7+
Ke8 40. Kf2 Ng6 41. Rxa6 Ne7 42. Raa7 Rg7 43. e6 Nc6 44. Rxg7 Nxa7 45. Rxa7 h5
46. d5 Kd8 47. d6 Kc8 48. e7 Kb8 49. Rc7 Ka8 50. e8=Q# 1-0

[Event "DEM U12w 2017"]
[Site "Willingen GER"]
[Date "2017.06.08"]
[Round "8"]
[White "Gehrke, Gina Celina"]
[Black "Petersen, Sophie"]
[Result "1/2-1/2"]
[Termination "normal"]
[Board "15"]
[WhiteElo "1435"]
[BlackElo "1498"]
[PlyCount "75"]
[WhiteFideId "16205979"]
[BlackFideId "16229380"]
[EventCountry "GER"]
[EventRounds "11"]
[EventType "swiss"]
[EventDate "2017.06.03"]

1. d4 Nf6 2. Nf3 d5 3. g3 e6 4. Bg2 c5 5. e3 Nc6 6. O-O Be7 7. Nbd2 O-O 8. b3
b6 9. c4 Bb7 10. Bb2 Qc7 11. Qe2 Rfd8 12. Ne1 Ba6 13. Nc2 Rac8 14. Rfc1 Qb8 15.
e4 Qc7 16. dxc5 Bxc5 17. exd5 exd5 18. Bxf6 gxf6 19. Qg4+ Kf8 20. Re1 Ne5 21.
Qf5 Kg7 22. Ne3 Qd7 23. Qxd7 Rxd7 24. Re2 Re7 25. Nxd5 Ree8 26. Rae1 Red8 27.
Nf3 Ng6 28. h4 h5 29. Rd2 Bb7 30. Nd4 Bxd5 31. Nf5+ Kf8 32. Bxd5 Bb4 33. Rde2
Bxe1 34. Rxe1 Ne5 35. Kg2 Nd3 36. Re7 Ne5 37. f4 Rd7 38. Rxd7 1/2-1/2

[Event "DEM U12w 2017"]
[Site "Willingen GER"]
[Date "2017.06.08"]
[Round "8"]
[White "Avetyan, Manan"]
[Black "Erdösi, Anna"]
[Result "0-1"]
[Termination "normal"]
[Board "16"]
[WhiteElo "1284"]
[BlackElo "1321"]
[PlyCount "34"]
[WhiteFideId "16244737"]
[BlackFideId "12993883"]
[EventCountry "GER"]
[EventRounds "11"]
[EventType "swiss"]
[EventDate "2017.06.03"]

1. e4 e5 2. Nf3 Nc6 3. Bc4 Bc5 4. c3 Nf6 5. b4 Bb6 6. Qb3 O-O 7. a4 Nxe4 8. Rf1
a6 9. d3 Nf6 10. Be3 d5 11. Nbd2 dxc4 12. Qxc4 Be6 13. Qh4 Qxd3 14. Bg5 Nd5 15.
Ne4 Nxc3 16. Ng3 Nd4 17. Rc1 Nc2+ 0-1

[Event "DEM U12w 2017"]
[Site "Willingen GER"]
[Date "2017.06.08"]
[Round "8"]
[White "Schulz, Hannah"]
[Black "Gossing, Marie-Sophie"]
[Result "1-0"]
[Termination "normal"]
[Board "17"]
[WhiteElo "1218"]
[BlackElo "1033"]
[PlyCount "55"]
[WhiteFideId "16244745"]
[BlackFideId "16217284"]
[EventCountry "GER"]
[EventRounds "11"]
[EventType "swiss"]
[EventDate "2017.06.03"]

1. e4 e5 2. Nf3 Nf6 3. Nc3 Bb4 4. a3 Bxc3 5. dxc3 Nxe4 6. Qd5 Nf6 7. Qxe5+ Qe7
8. Qxe7+ Kxe7 9. Be3 Re8 10. O-O-O Kf8 11. h3 d5 12. c4 c6 13. cxd5 Nxd5 14.
Bc5+ Kg8 15. g3 Bf5 16. Bc4 Na6 17. Bxa6 bxa6 18. Nd4 Be4 19. f3 Bxc2 20. Nxc2
Re6 21. Rhe1 Rf6 22. Rd3 Rg6 23. f4 Rh6 24. h4 Nb6 25. Red1 g6 26. Rd8+ Rxd8
27. Rxd8+ Kg7 28. Bf8+ 1-0

[Event "DEM U12w 2017"]
[Site "Willingen GER"]
[Date "2017.06.08"]
[Round "8"]
[White "Fayngold, Sophie"]
[Black "Jünk, Ellen"]
[Result "0-1"]
[Termination "normal"]
[Board "18"]
[WhiteElo "1139"]
[BlackElo "1446"]
[PlyCount "124"]
[BlackFideId "16206487"]
[EventCountry "GER"]
[EventRounds "11"]
[EventType "swiss"]
[EventDate "2017.06.03"]

1. e4 e5 2. Nf3 Nc6 3. Bc4 Bc5 4. d3 d6 5. c3 h6 6. Nbd2 Be6 7. Bb3 Nge7 8. Nf1
Qd7 9. Be3 Bb6 10. Ng3 f5 11. d4 Bxb3 12. axb3 f4 13. Nh5 fxe3 14. fxe3 Ng6 15.
O-O O-O 16. Ng3 Qg4 17. Qe1 Nce7 18. h3 Qd7 19. Rf2 Rf7 20. Qe2 Raf8 21. Raf1
c6 22. b4 a5 23. bxa5 Bxa5 24. b4 Bc7 25. Kh1 b5 26. Kg1 Bb6 27. Kh1 c5 28. d5
cxb4 29. cxb4 Rc8 30. Ra1 Rcf8 31. Rc1 Ra8 32. Kg1 Ra3 33. Nf1 Rb3 34. Qd2 Qa7
35. Re1 Qa4 36. Ng3 Qxb4 37. Qxb4 Rxb4 38. Ra2 Rf8 39. Ra6 Bc5 40. Ra2 Ra4 41.
Rb2 Rb8 42. Nf5 Rxe4 43. Ng3 Rxe3 44. Rxe3 Bxe3+ 45. Kh1 Nxd5 46. Nf5 Bc1 47.
Rb3 Rb6 48. Rb1 Ba3 49. Rb3 b4 50. Ng3 Rc6 51. Ne4 Nc3 52. Nfd2 Nxe4 53. Nxe4
d5 54. Nf2 Rc3 55. Rxc3 bxc3 56. Ng4 c2 57. Nf2 c1=Q+ 58. Kh2 Qf4+ 59. Kg1 Bc5
60. Kh1 Qxf2 61. Kh2 Nf4 62. Kh1 Qxg2# 0-1

[Event "DEM U12w 2017"]
[Site "Willingen GER"]
[Date "2017.06.08"]
[Round "8"]
[White "Pflugradt, Natalie"]
[Black "Yakovleva, Lara"]
[Result "1-0"]
[Termination "normal"]
[Board "19"]
[WhiteElo "1485"]
[BlackElo "944"]
[PlyCount "53"]
[WhiteFideId "16212444"]
[BlackFideId "16244788"]
[EventCountry "GER"]
[EventRounds "11"]
[EventType "swiss"]
[EventDate "2017.06.03"]

1. e4 e5 2. Nf3 Nc6 3. Bc4 Bc5 4. c3 Nf6 5. d4 exd4 6. O-O d5 7. exd5 Nxd5 8.
Qb3 Be6 9. Qxb7 Na5 10. Qb5+ c6 11. Qxc5 Kd7 12. Ne5+ Kc8 13. Ba6+ Kb8 14. b4
Nb7 15. Nxc6+ Kc7 16. Bxb7 Qd6 17. Qxd6+ Kxd6 18. Bxa8 Rxa8 19. Nxd4 Nc7 20.
Bf4+ Kd7 21. Bxc7 Kxc7 22. Nxe6+ fxe6 23. Nd2 h5 24. Ne4 g6 25. Rad1 Rd8 26.
Rxd8 Kxd8 27. Rd1+ 1-0